|
|
|
|
| LEADER |
00000cam a2200000 7i4500 |
| 001 |
0000003355 |
| 002 |
000003620 |
| 005 |
20080109.0 |
| 020 |
|
|
|a 0002178036
|
| 090 |
0 |
0 |
|a 940.54250924
|b OBR
|
| 100 |
1 |
|
|a O'Brien, Terence
|
| 245 |
1 |
4 |
|a The Moonlight war :
|b the story of clandestine operations in Shouth-East Asia,1944-5
|c Terence O'Brien
|
| 260 |
|
|
|a London :
|b William Collins ,
|c 1987
|
| 300 |
|
|
|a 364p. ;
|c 22cm.
|
| 650 |
0 |
0 |
|a World War II
|y 1939-1945
|x Personal narratives
|
| 650 |
0 |
0 |
|a World War
|y 1993-1945
|x Campaigns
|z Asia,Southeastern
|
| 999 |
|
|
|a 031561
|b BUKU
|c PINJAMAN
|e PERPUSTAKAAN KOMUNITI PETALING JAYA
|